000
00284 a2200121 4500
001
92433
082
_a
150.1 IRF
090
_c
44406
_d
44407
245
_a
Tawzn zindagi
_c
Arfan Ali Brig (r)
260
_a
Lahore
_b
Paramount Books
_c
2009
300
_a
185 p.
650
_a
balance -life
942
_a
CAE NUST
_k
150.1 IRF
999
_c
327506
_d
327506